000
00329nam a2200133Ia 4500
008
210210b1963 xxu||||| |||| 00| 0 eng d
082
_a
306 GHUA
100
_a
GHURYE (G S).
245
_a
Anthropo-sociological papers.
260
_a
Bombay.
_b
Popular Prakashan.,
_c
1963
300
_a
381
690
_a
Culture
906
_a
SG00511
999
_c
112010
_d
112010